000 00811cam a2200289 4500500
005 20260329005214.0
041 _afre
042 _adc
100 1 0 _aEnjalbert, Cédric
_eauthor
245 0 0 _aDominique Bourg-Emmanuel Hache : ressources énergiques
260 _c2022.
500 _a36
690 _aDominique Bourg
690 _aÉcologie
690 _aEmmanuel Hache
690 _aÉnergie
690 _ainnovation
690 _aNucléaire
690 _aPénurie
690 _aPolitique
690 _aProgrès
690 _aRareté
690 _aRessources
690 _aTechnique
786 0 _nPhilosophie magazine | 164 | 11 | 2022-11-01 | p. 26-28 | 1951-1787
856 4 1 _uhttps://shs.cairn.info/magazine-philosophie-magazine-2022-11-page-26?lang=fr&redirect-ssocas=7080
999 _c1841320
_d1841320